000 00879nas a2200289 4500
001 BR2013007701
003 BR-BrBNA
005 20231205123006.0
007 ta
008 230509b bl.|||p| |||| 00| 00por d
040 _aBR-BrBNA
_bpor
_cBiblioteca Nacional de Agricultura
041 _a(Pt)
072 _aF04
100 1 _aGodoy, L.J.G. de
100 1 _aBôas, R.L.V.
100 1 _aYanagiwara, R.S.
100 1 _aBackes, C.
100 1 _aLima, C.P. de
245 1 _aConcentração foliar de manganês e zinco em laranjeiras adubadas com óxidos e carbonatos via foliar
650 _aLARANJA
650 _aMANGANÊS
650 _aZINCO
650 _aADUBAÇÃO FOLIAR
773 0 _tRevista Ciência Agronômica (Brazil)
_xISSN 0045-6888
_g(Jul-Sep 2013), v. 44(3) p. 437-444
_wBR2013007701
909 _a202311
_bLúcia
_c55
_dLúcia Elande
942 _2AGRIS
_n0
_cANA
999 _c231654
_d231654